[Event "16. Obert Int. Sant Martí 2014 Grupo B"]
[Site "Barcelona ESP"]
[Date "2014.07.17"]
[Round "5.2"]
[White "Flores Mendoza, Jose Antonio"]
[Black "Fabregas Fontanet, Antoni"]
[Result "0-1"]
[WhiteElo "1905"]
[BlackElo "2051"]
[PlyCount "137"]
[EventDate "2014.07.13"]
[EventType "swiss"]
[EventRounds "9"]
[EventCountry "ESP"]
[Source "lmi"]
[SourceDate "2014.07.13"]

1. d4 Nf6 2. Nf3 g6 3. e3 Bg7 4. Bc4 c5 5. c3 Qc7 6. Bb3 O-O 7. O-O d6 8. h3 b5
9. Nbd2 Bb7 10. Re1 Nc6 11. Qe2 b4 12. e4 bxc3 13. bxc3 cxd4 14. cxd4 Nh5 15.
Bb2 Qb6 16. Rad1 Nb4 17. Nc4 Qc7 18. Qd2 a5 19. Rc1 d5 20. Ne3 Qd8 21. exd5 Nf4
22. Bc4 Bh6 23. Qd1 Bxd5 24. a3 Bxc4 25. axb4 Nd3 26. Nxc4 Nxe1 27. Qxe1 Bxc1
28. Bxc1 axb4 29. Bh6 Re8 30. Qxb4 Qc7 31. Ne3 Ra1+ 32. Nf1 Rb8 33. Qd2 Qc4 34.
Qf4 Rxf1+ 35. Kh2 Rb2 36. Nd2 Qc1 37. Qe5 Rh1+ 38. Kg3 Rxh3+ 39. Kxh3 Qh1+ 40.
Qh2 Qd1 41. Nf3 Rb5 42. Kg4 Qc2 43. Qf4 Qxf2 44. Qd2 Qxd2 45. Bxd2 f6 46. Kf4
h5 47. Be3 Kf7 48. Bf2 Ke6 49. Ke4 g5 50. d5+ Kf7 51. Nd4 Rb2 52. Ke3 h4 53.
Nf5 Ra2 54. d6 exd6 55. Nxd6+ Ke6 56. Ne4 Ke5 57. Nd2 Ra3+ 58. Ke2 Kf4 59. Bd4
f5 60. Be5+ Kg4 61. Nf1 f4 62. Kf2 Ra2+ 63. Kg1 Re2 64. Bd4 Kh5 65. Bb6 Rc2 66.
Ba7 g4 67. Bb8 Kg5 68. Bd6 Rc1 69. Bxf4+ 0-1

[Event "16. Obert Int. Sant Martí 2014 Grupo B"]
[Site "Barcelona ESP"]
[Date "2014.07.17"]
[Round "5.3"]
[White "Cardenas, Fernando Adrian"]
[Black "Cervello Tost, Roger"]
[Result "1-0"]
[WhiteElo "2060"]
[BlackElo "2084"]
[PlyCount "99"]
[EventDate "2014.07.13"]
[EventType "swiss"]
[EventRounds "9"]
[EventCountry "ESP"]
[Source "lmi"]
[SourceDate "2014.07.13"]

1. Nf3 d5 2. d4 Nf6 3. c4 e6 4. e3 c6 5. b3 Nbd7 6. Bd3 Be7 7. Bb2 O-O 8. Qc2
Re8 9. O-O Nf8 10. Nc3 Bd6 11. e4 dxe4 12. Nxe4 Nxe4 13. Bxe4 Ng6 14. g3 Qc7
15. c5 Be7 16. Ne5 Nxe5 17. dxe5 g6 18. h4 Bf8 19. h5 Qe7 20. hxg6 hxg6 21.
Rac1 Qg5 22. Kg2 Bh6 23. Rcd1 Qe7 24. Bxg6 fxg6 25. Qxg6+ Bg7 26. Rh1 Rd8 27.
Rd6 Bd7 28. Qh7+ Kf8 29. Rh4 Be8 30. Rf4+ Bf7 31. Rg4 Bg8 32. Rf4+ Bf7 33. Rg4
Bg8 34. Rf4+ Bf7 35. Rf6 b6 36. Rdxe6 Qxe6 37. Rxe6 Bxe6 38. Bc1 Rd1 39. Bh6
Rd7 40. f4 Rad8 41. f5 Bd5+ 42. Kf2 Bg8 43. Bxg7+ Rxg7 44. Qh6 Rdd7 45. f6 Rdf7
46. e6 Ke8 47. exf7+ Rxf7 48. g4 Rh7 49. Qg6+ Kf8 50. g5 1-0

[Event "16. Obert Int. Sant Martí 2014 Grupo B"]
[Site "Barcelona ESP"]
[Date "2014.07.17"]
[Round "5.4"]
[White "Andreu Termes, Frederic"]
[Black "Molina Hernandez, Albert"]
[Result "0-1"]
[WhiteElo "2076"]
[BlackElo "2004"]
[PlyCount "78"]
[EventDate "2014.07.13"]
[EventType "swiss"]
[EventRounds "9"]
[EventCountry "ESP"]
[Source "lmi"]
[SourceDate "2014.07.13"]

1. c4 e5 2. g3 Nf6 3. Bg2 Nc6 4. Nc3 Be7 5. d3 d6 6. Nf3 O-O 7. h3 h6 8. O-O
Be6 9. Be3 d5 10. cxd5 Nxd5 11. Nxd5 Bxd5 12. a3 Qd7 13. Rc1 Rfe8 14. Qc2 Rac8
15. Kh2 Bf6 16. Nd2 Bxg2 17. Kxg2 Nd4 18. Qd1 Re6 19. Ne4 Be7 20. f3 Rb6 21. b4
a5 22. Nc5 Qd5 23. Bxd4 exd4 24. Qd2 Bg5 25. Qc2 Bxc1 26. Rxc1 axb4 27. axb4
Rxb4 28. Qd2 Rb5 29. Ne4 f5 30. Nf2 Ra5 31. Rc4 Rc5 32. Qa2 Rxc4 33. dxc4 Qf7
34. Nd3 Re8 35. f4 b5 36. Ne5 Rxe5 37. fxe5 Qxc4 38. Qa8+ Kh7 39. Kf2 Qe6 0-1

[Event "16. Obert Int. Sant Martí 2014 Grupo B"]
[Site "Barcelona ESP"]
[Date "2014.07.17"]
[Round "5.5"]
[White "Pallares Gurrea, Aitor Alexander"]
[Black "Navarro Gutierrez, Andres Camilo"]
[Result "0-1"]
[WhiteElo "1956"]
[BlackElo "2078"]
[PlyCount "22"]
[EventDate "2014.07.13"]
[EventType "swiss"]
[EventRounds "9"]
[EventCountry "ESP"]
[Source "lmi"]
[SourceDate "2014.07.13"]

1. d4 g6 2. Nc3 Bg7 3. e4 d6 4. f4 Nd7 5. Nf3 e6 6. Be2 Ne7 7. O-O O-O 8. Bd3
c5 9. Nb5 Qb6 10. e5 dxe5 11. dxe5 c4+ 0-1

[Event "16. Obert Int. Sant Martí 2014 Grupo B"]
[Site "Barcelona ESP"]
[Date "2014.07.17"]
[Round "5.6"]
[White "Minhaz, Rashed"]
[Black "Carrey Abellan, Enric"]
[Result "0-1"]
[WhiteElo "2086"]
[BlackElo "1991"]
[PlyCount "65"]
[EventDate "2014.07.13"]
[EventType "swiss"]
[EventRounds "9"]
[EventCountry "ESP"]
[Source "lmi"]
[SourceDate "2014.07.13"]

1. e4 c5 2. Nf3 e6 3. d4 cxd4 4. Nxd4 a6 5. Nc3 Qc7 6. f4 b5 7. a3 Bb7 8. Bd2
d6 9. Bd3 Nf6 10. O-O Be7 11. Qe2 O-O 12. Kh1 Nbd7 13. Nb3 Rac8 14. Rac1 Rfd8
15. Rf3 Nc5 16. Nxc5 dxc5 17. e5 Bxf3 18. Qxf3 Ne8 19. Be3 c4 20. Be4 Rb8 21.
f5 exf5 22. Qxf5 g6 23. Qf3 Bf8 24. Nd5 Qxe5 25. c3 f5 26. Bxf5 Qxf5 27. Nf4
Ng7 28. Qc6 Re8 29. Nd5 Re6 30. Qd7 Rxe3 31. Qxf5 Nxf5 32. g4 Rd3 33. Nb4 0-1

[Event "16. Obert Int. Sant Martí 2014 Grupo B"]
[Site "Barcelona ESP"]
[Date "2014.07.17"]
[Round "5.7"]
[White "Ferres Saez, Joan"]
[Black "Fuertes Buisac, Bernat"]
[Result "0-1"]
[WhiteElo "1965"]
[BlackElo "2082"]
[PlyCount "70"]
[EventDate "2014.07.13"]
[EventType "swiss"]
[EventRounds "9"]
[EventCountry "ESP"]
[Source "lmi"]
[SourceDate "2014.07.13"]

1. e4 c5 2. Nc3 g6 3. f4 Bg7 4. Nf3 Nc6 5. Bb5 Nd4 6. O-O a6 7. Bc4 e6 8. d3
Ne7 9. Bb3 O-O 10. Nxd4 cxd4 11. Ne2 d5 12. Ng3 dxe4 13. dxe4 b5 14. Qg4 a5 15.
a4 b4 16. Bc4 Ba6 17. Bd3 Qb6 18. f5 exf5 19. exf5 Bxd3 20. cxd3 Nd5 21. Qh3
Ne3 22. Rf3 g5 23. Bxe3 dxe3 24. Kh1 Bxb2 25. Re1 Rfe8 26. Ne4 Rxe4 27. dxe4
Bd4 28. f6 Bxf6 29. Qf5 Ra6 30. Rfxe3 Bc3 31. Qxg5+ Qg6 32. Qd8+ Kg7 33. Rd1
Be5 34. Rf1 Qh6 35. Ref3 Qxh2# 0-1

[Event "16. Obert Int. Sant Martí 2014 Grupo B"]
[Site "Barcelona ESP"]
[Date "2014.07.17"]
[Round "5.8"]
[White "Aprea, Daniele"]
[Black "Barragan Hernandez, Manel"]
[Result "1-0"]
[WhiteElo "2077"]
[BlackElo "1990"]
[PlyCount "65"]
[EventDate "2014.07.13"]
[EventType "swiss"]
[EventRounds "9"]
[EventCountry "ESP"]
[Source "lmi"]
[SourceDate "2014.07.13"]

1. d4 Nf6 2. Nf3 g6 3. c4 Bg7 4. Nc3 O-O 5. e4 d6 6. Be2 Nbd7 7. Qc2 e5 8. d5
a5 9. Bg5 h6 10. Be3 Ng4 11. Bd2 Nc5 12. h3 Nf6 13. Be3 Nfd7 14. g4 Na6 15. Rg1
c6 16. dxc6 bxc6 17. Qd2 Rb8 18. O-O-O d5 19. cxd5 cxd5 20. Bxa6 Bxa6 21. Qxd5
Qf6 22. Nd2 Rfd8 23. g5 hxg5 24. Bxg5 Qb6 25. Nb3 Nf6 26. Qxa5 Qxa5 27. Nxa5
Rdc8 28. Bxf6 Bxf6 29. Rd6 Bh4 30. Rxa6 Bxf2 31. Rd1 Rb4 32. Nc6 Rc4 33. Ne7+
1-0

[Event "16. Obert Int. Sant Martí 2014 Grupo B"]
[Site "Barcelona ESP"]
[Date "2014.07.17"]
[Round "5.9"]
[White "Vargas Drechsler, Carlos"]
[Black "Garcia Espelta, Josep"]
[Result "0-1"]
[WhiteElo "1958"]
[BlackElo "2072"]
[PlyCount "118"]
[EventDate "2014.07.13"]
[EventType "swiss"]
[EventRounds "9"]
[EventCountry "ESP"]
[Source "lmi"]
[SourceDate "2014.07.13"]

1. e4 c5 2. Nc3 Nc6 3. f4 g6 4. Nf3 Bg7 5. Bc4 a6 6. a4 e6 7. O-O Nge7 8. d3
O-O 9. Qe1 Nd4 10. f5 d5 11. Nxd4 Bxd4+ 12. Kh1 dxc4 13. f6 Nf5 14. exf5 exf5
15. Bh6 Re8 16. Qh4 Bxf6 17. Qxc4 Qd6 18. Bf4 Be5 19. Rae1 Bd7 20. Bxe5 Rxe5
21. Rxe5 Qxe5 22. Qd5 Qxd5 23. Nxd5 Be6 24. Nc3 b6 25. Kg1 Rb8 26. Ra1 Kf8 27.
Kf2 Ke7 28. Ke3 Kd6 29. Kf3 Re8 30. Kf2 Bd5 31. Nxd5 Kxd5 32. Re1 Rxe1 33. Kxe1
f4 34. Ke2 g5 35. Kf3 h5 36. c3 Ke5 37. h3 f5 38. Ke2 g4 39. h4 f3+ 40. gxf3 g3
41. Kf1 f4 42. Ke2 b5 43. axb5 axb5 44. Kf1 b4 45. Ke2 bxc3 46. bxc3 Kd5 47.
Ke1 Kc6 48. Ke2 Kb5 49. Ke1 Ka4 50. Ke2 Kb3 51. d4 cxd4 52. cxd4 Kc4 53. Kf1
Kxd4 54. Kg2 Ke3 55. Kh3 Ke2 56. Kg2 Ke1 57. Kh3 g2 58. Kh2 Kf2 59. Kh3 Kf1 0-1

[Event "16. Obert Int. Sant Martí 2014 Grupo B"]
[Site "Barcelona ESP"]
[Date "2014.07.17"]
[Round "5.11"]
[White "Liarte Genoves, Sergi"]
[Black "Brandt, Stefan"]
[Result "1-0"]
[WhiteElo "2051"]
[BlackElo "1889"]
[PlyCount "71"]
[EventDate "2014.07.13"]
[EventType "swiss"]
[EventRounds "9"]
[EventCountry "ESP"]
[Source "lmi"]
[SourceDate "2014.07.13"]

1. e4 d5 2. exd5 Qxd5 3. Nc3 Qa5 4. Bc4 Nf6 5. d3 c6 6. Bd2 Qc7 7. Qe2 Bf5 8.
h3 h5 9. Nf3 Nbd7 10. O-O-O e6 11. Nd4 Bg6 12. Bxe6 O-O-O 13. Bxd7+ Rxd7 14.
Be3 Bb4 15. Nb1 Re8 16. Qf3 Nd5 17. a3 Bc5 18. Nf5 Nxe3 19. Nxe3 Rde7 20. Nf5
Re5 21. Nxg7 Rd8 22. g4 hxg4 23. hxg4 Qb6 24. Nd2 Red5 25. Nc4 Qa6 26. Nh5 b5
27. Ne3 Bxe3+ 28. fxe3 b4 29. e4 Ra5 30. axb4 Rb5 31. Nf4 Rxb4 32. Nxg6 fxg6
33. Qf6 Qb6 34. b3 Qc5 35. Kb2 Rd6 36. Qf8+ 1-0

[Event "16. Obert Int. Sant Martí 2014 Grupo B"]
[Site "Barcelona ESP"]
[Date "2014.07.17"]
[Round "5.12"]
[White "Escofet Llongueras, Joan"]
[Black "Dougas Chavarria, Nestor"]
[Result "0-1"]
[WhiteElo "1947"]
[BlackElo "2050"]
[PlyCount "120"]
[EventDate "2014.07.13"]
[EventType "swiss"]
[EventRounds "9"]
[EventCountry "ESP"]
[Source "lmi"]
[SourceDate "2014.07.13"]

1. c4 c6 2. Nc3 d5 3. cxd5 cxd5 4. d4 Nf6 5. g3 Bf5 6. Bg2 e6 7. Nf3 h6 8. O-O
Nc6 9. a3 Rc8 10. Qb3 Qd7 11. Ne5 Nxe5 12. dxe5 Ne4 13. Nxe4 Bxe4 14. Bxe4 dxe4
15. Be3 Qd5 16. Qa4+ Qc6 17. Qxa7 Be7 18. Rac1 Qd7 19. Rxc8+ Qxc8 20. Rc1 Qd7
21. Qd4 Qxd4 22. Bxd4 Kd7 23. Bb6 Rc8 24. Rxc8 Kxc8 25. Kf1 Kd7 26. Ke1 Kc6 27.
Bd4 Kd5 28. Bc3 b5 29. Kd2 Bc5 30. e3 Kc4 31. Kc2 Be7 32. Bd4 h5 33. b3+ Kd5
34. a4 bxa4 35. bxa4 Kc4 36. a5 Kb5 37. Bb6 Bb4 38. Kb3 Be1 39. h3 Bxf2 40. g4
hxg4 41. hxg4 Be1 42. Bd8 g6 43. Bc7 Bf2 44. Bb6 Bg3 45. Bd4 Be1 46. Bb6 Bxa5
47. Bxa5 Kxa5 48. Kc4 Kb6 49. Kb4 Kc6 50. Kc4 g5 51. Kd4 Kb5 52. Kxe4 Kc4 53.
Kf3 Kd3 54. Kf2 Ke4 55. Ke2 Kxe5 56. Kd3 f5 57. gxf5 exf5 58. Ke2 Ke4 59. Kf2
g4 60. Ke2 g3 0-1

[Event "16. Obert Int. Sant Martí 2014 Grupo B"]
[Site "Barcelona ESP"]
[Date "2014.07.17"]
[Round "5.13"]
[White "Albert Estebanez, Carlos"]
[Black "Minguell Soler, Joan"]
[Result "0-1"]
[WhiteElo "1890"]
[BlackElo "2046"]
[PlyCount "46"]
[EventDate "2014.07.13"]
[EventType "swiss"]
[EventRounds "9"]
[EventCountry "ESP"]
[Source "lmi"]
[SourceDate "2014.07.13"]

1. e4 e6 2. d3 d5 3. Nd2 Nf6 4. e5 Nfd7 5. d4 c5 6. c3 Nc6 7. Ne2 Qb6 8. Nb3
cxd4 9. cxd4 a5 10. a4 f6 11. f4 Bb4+ 12. Nc3 O-O 13. Bb5 fxe5 14. fxe5 Ndxe5
15. Qe2 Nxd4 16. Qxe5 Nxb3 17. Be3 d4 18. Bh6 Rf7 19. Be8 Re7 20. O-O dxc3+ 21.
Kh1 Qd4 22. Rad1 Qxe5 23. Bf7+ Rxf7 0-1

[Event "16. Obert Int. Sant Martí 2014 Grupo B"]
[Site "Barcelona ESP"]
[Date "2014.07.17"]
[Round "5.15"]
[White "Garcia Ruiz, Adrian"]
[Black "Tadevosyan, Galust"]
[Result "1/2-1/2"]
[WhiteElo "2023"]
[BlackElo "1843"]
[PlyCount "69"]
[EventDate "2014.07.13"]
[EventType "swiss"]
[EventRounds "9"]
[EventCountry "ESP"]
[Source "lmi"]
[SourceDate "2014.07.13"]

1. d4 Nf6 2. c4 e5 3. dxe5 Ng4 4. Bf4 g5 5. Bd2 Nxe5 6. Bc3 Bg7 7. e3 O-O 8.
Be2 Nbc6 9. Nf3 a5 10. Nxe5 Nxe5 11. Nd2 Qe7 12. Qc2 Rd8 13. Nf3 d5 14. Nxe5
Bxe5 15. Bd3 Bxc3+ 16. bxc3 h5 17. cxd5 Rxd5 18. O-O c6 19. Rab1 h4 20. Rfd1
Be6 21. Be4 Rxd1+ 22. Rxd1 Bxa2 23. Bxc6 Be6 24. Ba4 Rd8 25. h3 Rxd1+ 26. Qxd1
Qc7 27. Qd4 b6 28. Qf6 Qc5 29. Bc2 Kf8 30. Ba4 Bc4 31. Qh8+ Ke7 32. Qe8+ Kf6
33. Qh8+ Ke7 34. Qe8+ Kf6 35. Qh8+ 1/2-1/2

[Event "16. Obert Int. Sant Martí 2014 Grupo B"]
[Site "Barcelona ESP"]
[Date "2014.07.17"]
[Round "5.16"]
[White "Mamontova, Anastasia"]
[Black "Lozano Diaz, Antoni"]
[Result "0-1"]
[WhiteElo "1858"]
[BlackElo "2015"]
[PlyCount "100"]
[EventDate "2014.07.13"]
[EventType "swiss"]
[EventRounds "9"]
[EventCountry "ESP"]
[Source "lmi"]
[SourceDate "2014.07.13"]

1. e4 c6 2. d4 d5 3. exd5 cxd5 4. c4 Nf6 5. Nc3 e6 6. Nf3 Bb4 7. Bg5 O-O 8.
cxd5 exd5 9. Be2 Qd6 10. O-O Bxc3 11. bxc3 Ne4 12. c4 Bg4 13. c5 Qe6 14. Bd2
Nc6 15. Ng5 Bxe2 16. Nxe6 Bxd1 17. Nxf8 Bg4 18. Be3 Nf6 19. f3 Bc8 20. Nxh7
Kxh7 21. g4 Nd7 22. Rfc1 Nf8 23. Rd1 Na5 24. Kg2 Nc4 25. Bf2 Ne6 26. Kg3 Bd7
27. h4 Bc6 28. f4 g6 29. h5 gxh5 30. Rh1 Ng7 31. f5 Nd2 32. Kf4 Re8 33. Rae1
Ne4 34. Be3 Nf6 35. g5 Re4+ 36. Kf3 Ng4 37. Bd2 Rxd4 38. f6 Rxd2 39. g6+ Kxg6
40. fxg7 d4+ 41. Kf4 Rf2+ 42. Kg3 Rf3+ 43. Kh4 Kxg7 44. Kg5 Ne3 45. Rhg1 Rf5+
46. Kh4+ Kh6 47. Rb1 Rf4+ 48. Kh3 Rf3+ 49. Rg3 Bd7+ 50. Kh2 Nf1+ 0-1

[Event "16. Obert Int. Sant Martí 2014 Grupo B"]
[Site "Barcelona ESP"]
[Date "2014.07.17"]
[Round "5.17"]
[White "Roche Peris, Eduard"]
[Black "Pascual Gonzalez-Novelles, Carles"]
[Result "1-0"]
[WhiteElo "1925"]
[BlackElo "2010"]
[PlyCount "59"]
[EventDate "2014.07.13"]
[EventType "swiss"]
[EventRounds "9"]
[EventCountry "ESP"]
[Source "lmi"]
[SourceDate "2014.07.13"]

1. c4 Nf6 2. Nc3 g6 3. d4 d5 4. Nf3 Bg7 5. e3 O-O 6. Be2 c6 7. O-O Nbd7 8. Bd2
dxc4 9. Bxc4 Nb6 10. Be2 Nbd5 11. Rc1 Qb6 12. Na4 Qd8 13. Qc2 Bf5 14. Bd3 Bxd3
15. Qxd3 Nd7 16. Rfd1 e5 17. Nc5 exd4 18. Nxd4 Nxc5 19. Rxc5 Qe7 20. Rdc1 Rfe8
21. b4 Rad8 22. h3 Nc7 23. Qc4 Qd6 24. Bc3 a6 25. a4 Bf8 26. Nxc6 Rd7 27. Ne5
Rde7 28. Ng4 Bg7 29. Bxg7 Kxg7 30. Rxc7 1-0

[Event "16. Obert Int. Sant Martí 2014 Grupo B"]
[Site "Barcelona ESP"]
[Date "2014.07.17"]
[Round "5.18"]
[White "Gama Corral, Carlos"]
[Black "Torras Chicon, Adria"]
[Result "1-0"]
[WhiteElo "1784"]
[BlackElo "1996"]
[PlyCount "37"]
[EventDate "2014.07.13"]
[EventType "swiss"]
[EventRounds "9"]
[EventCountry "ESP"]
[Source "lmi"]
[SourceDate "2014.07.13"]

1. e4 e5 2. Nf3 Nc6 3. d4 exd4 4. Bc4 Nf6 5. e5 d5 6. Bb5 Ne4 7. Nxd4 Bd7 8.
Nf3 Be6 9. O-O Bc5 10. Qe2 g5 11. Nbd2 g4 12. Ne1 Nxd2 13. Bxd2 Qh4 14. Nd3 Bb6
15. Nb4 g3 16. hxg3 Qxg3 17. Nxc6 Rg8 18. Nd4+ c6 19. fxg3 1-0

[Event "16. Obert Int. Sant Martí 2014 Grupo B"]
[Site "Barcelona ESP"]
[Date "2014.07.17"]
[Round "5.19"]
[White "Baum, Jonasz"]
[Black "Albert Cristobal, Jorge"]
[Result "0-1"]
[WhiteElo "1632"]
[BlackElo "1993"]
[PlyCount "136"]
[EventDate "2014.07.13"]
[EventType "swiss"]
[EventRounds "9"]
[EventCountry "ESP"]
[Source "lmi"]
[SourceDate "2014.07.13"]

1. e4 Nc6 2. Nc3 Nf6 3. d4 e5 4. d5 Ne7 5. Bg5 Ng6 6. Nge2 h6 7. Be3 Bb4 8. f3
d6 9. Qd3 O-O 10. O-O-O Nd7 11. g3 a5 12. h4 Bc5 13. Bd2 b6 14. Be3 Ba6 15. Qd2
Bxe3 16. Qxe3 a4 17. Qf2 f5 18. Qh2 a3 19. b3 Qf6 20. Bh3 Ne7 21. g4 fxg4 22.
Bxg4 Nc5 23. Rdg1 Bxe2 24. Nxe2 c6 25. Rd1 cxd5 26. exd5 e4 27. Nd4 e3 28. Rhe1
h5 29. Bh3 Nxd5 30. c4 Nc3 31. Bf1 Nxd1 32. Rxd1 Ne6 33. Qxd6 Nxd4 34. Qxd4
Qxf3 35. Qd3 Qf6 36. Qd5+ Qf7 37. Bg2 Ra7 38. Qxf7+ Kxf7 39. Rf1+ Ke7 40. Re1
Rf2 41. Rxe3+ Kf6 42. Rf3+ Rxf3 43. Bxf3 g6 44. Kd2 Ke5 45. Ke3 Re7 46. Be4 Kf6
47. Kf4 Rc7 48. Bf3 Rc5 49. Bd5 Rc7 50. Bf3 b5 51. cxb5 Rc5 52. b6 Rb5 53. b7
Ke7 54. Ke3 Kd6 55. Kd3 Kc7 56. Kc4 Rf5 57. Bg2 Rf4+ 58. Kb5 Rxh4 59. b4 Rh2
60. Bd5 g5 61. Ka6 Kb8 62. b5 Rb2 63. b6 g4 64. Bf7 h4 65. Be6 g3 66. Bd5 g2
67. Be4 g1=Q 68. Bd3 Qxb6# 0-1

[Event "16. Obert Int. Sant Martí 2014 Grupo B"]
[Site "Barcelona ESP"]
[Date "2014.07.17"]
[Round "5.20"]
[White "Palacios Peña, Gerardo"]
[Black "Laszczak, Przemyslaw"]
[Result "1/2-1/2"]
[WhiteElo "1993"]
[BlackElo "1610"]
[PlyCount "132"]
[EventDate "2014.07.13"]
[EventType "swiss"]
[EventRounds "9"]
[EventCountry "ESP"]
[Source "lmi"]
[SourceDate "2014.07.13"]

1. d4 d5 2. Nf3 Nf6 3. Bf4 c6 4. c3 Bf5 5. Nbd2 Nbd7 6. h3 e6 7. e3 Be7 8. Be2
O-O 9. O-O Qb6 10. Qb3 h6 11. Ne5 Nxe5 12. Bxe5 Kh7 13. c4 Nd7 14. Bg3 Qb4 15.
Qxb4 Bxb4 16. Nf3 b6 17. a3 Be7 18. Rac1 dxc4 19. Bxc4 c5 20. Rfd1 Rfd8 21. Bb5
Be4 22. Nd2 Bb7 23. dxc5 Nxc5 24. b4 Ne4 25. Nxe4 Bxe4 26. f3 Bg6 27. Rxd8 Bxd8
28. Ba6 Bg5 29. f4 Bf6 30. Rc7 Bb2 31. a4 Ba3 32. Be1 Bb2 33. Bb7 Rd8 34. Bf3
Rd3 35. Rxa7 Bc1 36. Bf2 Bxe3 37. Bxe3 Rxe3 38. a5 bxa5 39. bxa5 Ra3 40. a6 Bd3
41. Bb7 Bc4 42. Be4+ f5 43. Bb7 Ra2 44. Ra8 Bd5 45. Rd8 Rxg2+ 46. Kf1 Ra2 47.
Bxd5 exd5 48. Rxd5 Rxa6 49. Rxf5 Kg6 50. Rb5 Ra4 51. f5+ Kf6 52. Kg2 Rf4 53.
Kg3 Rxf5 54. Rb6+ Kg5 55. Rb2 g6 56. Rb3 Rd5 57. Ra3 h5 58. h4+ Kf5 59. Rf3+
Ke6 60. Re3+ Re5 61. Ra3 Re4 62. Ra6+ Kf5 63. Ra3 Rg4+ 64. Kh3 Kf4 65. Ra4+ Kf3
66. Ra3+ Ke2 1/2-1/2

[Event "16. Obert Int. Sant Martí 2014 Grupo B"]
[Site "Barcelona ESP"]
[Date "2014.07.17"]
[Round "5.22"]
[White "Torres Julian, Marc"]
[Black "Castellet Menchon, Didac"]
[Result "1/2-1/2"]
[WhiteElo "1959"]
[BlackElo "2080"]
[PlyCount "63"]
[EventDate "2014.07.13"]
[EventType "swiss"]
[EventRounds "9"]
[EventCountry "ESP"]
[Source "lmi"]
[SourceDate "2014.07.13"]

1. e4 c5 2. Nf3 Nc6 3. d4 cxd4 4. Nxd4 g6 5. Nc3 Bg7 6. Be3 Nf6 7. Bc4 Qa5 8.
O-O O-O 9. Bb3 d6 10. h3 Bd7 11. Nxc6 Bxc6 12. Nd5 Nxd5 13. exd5 Bb5 14. c4 Bd7
15. Bd4 Rac8 16. Bxg7 Kxg7 17. Qd4+ Kg8 18. Rfe1 e5 19. dxe6 Bxe6 20. Qxd6 Bxc4
21. Bxc4 Rxc4 22. Re7 Qb5 23. Rae1 Rc2 24. Qd7 Qxb2 25. Qxb7 Qxb7 26. Rxb7 Rxa2
27. Ree7 Ra1+ 28. Kh2 a5 29. Ra7 Kg7 30. Re5 Ra2 31. Kg3 Rb8 32. Rexa5 1/2-1/2

[Event "16. Obert Int. Sant Martí 2014 Grupo B"]
[Site "Barcelona ESP"]
[Date "2014.07.17"]
[Round "5.23"]
[White "Catarineu Rabell, Manel"]
[Black "Salazar Navas, Josep"]
[Result "0-1"]
[WhiteElo "2071"]
[BlackElo "1927"]
[PlyCount "34"]
[EventDate "2014.07.13"]
[EventType "swiss"]
[EventRounds "9"]
[EventCountry "ESP"]
[Source "lmi"]
[SourceDate "2014.07.13"]

1. d4 Nf6 2. c4 c5 3. d5 b5 4. cxb5 a6 5. bxa6 g6 6. Nc3 Bxa6 7. Nf3 d6 8. g3
Bg7 9. Bg2 Nfd7 10. O-O Nb6 11. Re1 N8d7 12. e4 O-O 13. Qc2 Nc4 14. b3 Qa5 15.
bxc4 Qxc3 16. Qxc3 Bxc3 17. Bh6 Rfb8 0-1

[Event "16. Obert Int. Sant Martí 2014 Grupo B"]
[Site "Barcelona ESP"]
[Date "2014.07.17"]
[Round "5.24"]
[White "Subirana Santos, Marc"]
[Black "Rodriguez Llorens, Jorge"]
[Result "0-1"]
[WhiteElo "1912"]
[BlackElo "2059"]
[PlyCount "64"]
[EventDate "2014.07.13"]
[EventType "swiss"]
[EventRounds "9"]
[EventCountry "ESP"]
[Source "lmi"]
[SourceDate "2014.07.13"]

1. c4 e5 2. g3 Nc6 3. Bg2 Nf6 4. d3 Bc5 5. a3 a5 6. Nc3 h6 7. Nf3 d6 8. O-O O-O
9. Be3 Bb6 10. h3 Re8 11. Kh2 Ne7 12. Bd2 c6 13. b4 axb4 14. axb4 Rxa1 15. Qxa1
Bf5 16. e4 Be6 17. Na4 Bc7 18. Nc3 d5 19. exd5 cxd5 20. c5 e4 21. dxe4 dxe4 22.
Nxe4 Nxe4 23. Bxh6 gxh6 24. Ne5 Bf5 25. Bxe4 Bxe4 26. Ng4 Nd5 27. Nxh6+ Kh7 28.
Qc1 Qf6 29. Ng4 Qf3 30. Qh6+ Kg8 31. Qg5+ Kf8 32. Rg1 Bxg3+ 0-1

[Event "16. Obert Int. Sant Martí 2014 Grupo B"]
[Site "Barcelona ESP"]
[Date "2014.07.17"]
[Round "5.25"]
[White "Flores Liñan, Josep Luis"]
[Black "Ji, Pablo"]
[Result "0-1"]
[WhiteElo "2016"]
[BlackElo "1931"]
[PlyCount "46"]
[EventDate "2014.07.13"]
[EventType "swiss"]
[EventRounds "9"]
[EventCountry "ESP"]
[Source "lmi"]
[SourceDate "2014.07.13"]

1. d4 d5 2. Bg5 Nd7 3. e3 Ngf6 4. Nf3 e6 5. Bd3 Be7 6. O-O O-O 7. c4 c5 8. Nc3
cxd4 9. exd4 b6 10. cxd5 Nxd5 11. Bxe7 Nxe7 12. Be4 Rb8 13. Ne5 Bb7 14. Qf3 Ba8
15. Rfd1 Nf6 16. Bxa8 Rxa8 17. Ne4 Nxe4 18. Qxe4 Nd5 19. Rac1 Rc8 20. Rc2 Qg5
21. Nf3 Qf4 22. Qe2 Rc7 23. g3 Rxc2 0-1

[Event "16. Obert Int. Sant Martí 2014 Grupo B"]
[Site "Barcelona ESP"]
[Date "2014.07.17"]
[Round "5.26"]
[White "Pujal Moncho, Joaquim"]
[Black "Poyato Duran, David"]
[Result "1/2-1/2"]
[WhiteElo "1997"]
[BlackElo "1878"]
[PlyCount "92"]
[EventDate "2014.07.13"]
[EventType "swiss"]
[EventRounds "9"]
[EventCountry "ESP"]
[Source "lmi"]
[SourceDate "2014.07.13"]

1. c4 Nf6 2. Nc3 e5 3. Nf3 d6 4. e4 Bg4 5. d3 Be7 6. h3 Bh5 7. Be3 O-O 8. g4
Bg6 9. Qd2 c5 10. Be2 Nc6 11. h4 h5 12. gxh5 Bxh5 13. Ng5 Bxe2 14. Qxe2 Nd4 15.
Bxd4 exd4 16. Nd5 Nxd5 17. cxd5 Bxg5 18. hxg5 Qxg5 19. Kf1 Rae8 20. Rg1 Qh4 21.
f3 Qh3+ 22. Qg2 Qxg2+ 23. Rxg2 f5 24. Ke2 fxe4 25. fxe4 b5 26. Rag1 Rf7 27. Rg6
Rd7 28. b3 a5 29. Kd2 Rf8 30. Ke2 Kh7 31. R6g2 Rf6 32. Rh1+ Rh6 33. Rhg1 Rf7
34. a3 Rh3 35. Rg3 Rxg3 36. Rxg3 a4 37. bxa4 bxa4 38. e5 dxe5 39. Rg5 Rd7 40.
Rxe5 Kg6 41. d6 c4 42. Rd5 cxd3+ 43. Kxd3 Kf6 44. Rxd4 g5 45. Rxa4 Rxd6+ 46.
Ke3 Ke5 1/2-1/2

[Event "16. Obert Int. Sant Martí 2014 Grupo B"]
[Site "Barcelona ESP"]
[Date "2014.07.17"]
[Round "5.27"]
[White "Peiron Lluch, Jose Daniel"]
[Black "Febrero Perez, Lluis"]
[Result "1-0"]
[WhiteElo "1990"]
[BlackElo "1887"]
[PlyCount "59"]
[EventDate "2014.07.13"]
[EventType "swiss"]
[EventRounds "9"]
[EventCountry "ESP"]
[Source "lmi"]
[SourceDate "2014.07.13"]

1. e4 e5 2. Nf3 Nc6 3. d4 exd4 4. Nxd4 Qh4 5. Nb5 Kd8 6. Bd3 Bb4+ 7. c3 Bc5 8.
Qf3 Ne5 9. Qe2 Nxd3+ 10. Qxd3 Qxf2+ 11. Kd1 Qxg2 12. Rf1 Qg4+ 13. Kc2 a6 14.
Nd4 Nf6 15. Bf4 Qg2+ 16. Nd2 d6 17. Rg1 Qh3 18. Rxg7 Qh5 19. Bg5 Bg4 20. Bxf6+
Kd7 21. Rxg4 Qxg4 22. Bxh8 Rxh8 23. Qf3 Qg6 24. Qf5+ Kd8 25. Rf1 Ke7 26. b4 Bb6
27. Nc4 Ba7 28. e5 dxe5 29. Nxe5 Bxd4 30. Nxg6+ 1-0